Normal view
MARC view
- GOLDPERG, ADEDE
Entry Personal Name
001 - CONTROL NUMBER
- control field: 55521
003 - CONTROL NUMBER IDENTIFIER
- control field: NUST
005 - DATE AND TIME OF LATEST TRANSACTION
- control field: 20210625151758.0
008 - FIXED-LENGTH DATA ELEMENTS
- fixed length control field: 210625|| aca||aabn | a|a d
040 ## - CATALOGING SOURCE
- Original cataloging agency: NUST
- Transcribing agency: NUST
100 ## - HEADING--PERSONAL NAME
- Personal name: GOLDPERG, ADEDE
670 ## - SOURCE DATA FOUND
- Source citation: Work cat.: (NUST): GOLDPERG, ADEDE., SUCEEDING WITH OBJECTS /, 1995.
